Welcome to WEB OPAC of MRSPTU Central Library

Electricity and magnetism (Record no. 595)

MARC details
000 -LEADER
fixed length control field 00340nam a2200145Ia 4500
008 - FIXED-LENGTH DATA ELEMENTS--GENERAL INFORMATION
fixed length control field 230711s9999||||xx |||||||||||||| ||und||
041 ## - LANGUAGE CODE
Language code of text/sound track or separate title ENG
082 ## - DEWEY DECIMAL CLASSIFICATION NUMBER
Classification number 621
Item number TA-E
100 ## - MAIN ENTRY--PERSONAL NAME
Personal name Tayal,DC
245 #0 - TITLE STATEMENT
Title Electricity and magnetism
250 ## - EDITION STATEMENT
Edition statement 2nd Ed.
260 ## - PUBLICATION, DISTRIBUTION, ETC.
Date of publication, distribution, etc. 1989
Place of publication, distribution, etc. Mumbai
Name of publisher, distributor, etc. Himalaya Publishing House
650 ## - SUBJECT ADDED ENTRY--TOPICAL TERM
Topical term or geographic name entry element Physics
942 ## - ADDED ENTRY ELEMENTS (KOHA)
Koha item type Book
Holdings
Withdrawn status Lost status Damaged status Not for loan Collection Home library Current library Date acquired Total checkouts Full call number Barcode Date due Date last seen Date last checked out Price effective from Koha item type
          MRSPTU Central Library MRSPTU Central Library   1 621 TA-E 2847 05/11/2026 04/20/2026 04/20/2026 08/17/2023 Book
          MRSPTU Central Library MRSPTU Central Library     621 TA-E 2848   08/17/2023   08/17/2023 Book
          MRSPTU Central Library MRSPTU Central Library   1 621 TA-E 2849   01/30/2026 01/20/2026 08/17/2023 Book
          MRSPTU Central Library MRSPTU Central Library     621 TA-E 2850   08/17/2023   08/17/2023 Book

Website Designed and Developed by MRSPTU Central Library Team

E-mail Id: librarian@mrsptu.ac.in